Medagliati italiani - Europei di atletica Roma 2024 - Statistics

Statistiche generali
  • Questo quiz è stato fatto 33 volte
  • Il punteggio medio è 18 su 38
Statistiche sulle risposte
Medaglia Specialità Sesso Atleta % Corretto
Oro 4x100 M Filippo Tortu
96%
Argento 200m M Filippo Tortu
96%
Oro 4x100 M Marcell Jacobs
96%
Oro 100m M Marcell Jacobs
96%
Oro salto in alto M Gianmarco Tamberi
92%
Oro 5000m F Nadia Battocletti
77%
Oro 10.000m F Nadia Battocletti
77%
Oro 4x100 M Lorenzo Patta
73%
Argento lungo F Larissa Iapichino
69%
Oro marcia 20Km F Antonella Palmisano
65%
Oro 110m ostacoli M Lorenzo Simonelli
58%
Oro 5000m M Yeman Crippa
58%
Oro mezza maratona a squadre M Yeman Crippa
58%
Argento 100m M Chituru Ali
54%
Oro 4x100 M Matteo Melluzzo
54%
Argento lungo M Mattia Furlani
54%
Bronzo 1500m M Pietro Arese
50%
Argento 400m ostacoli M Alessandro Sibilio
46%
Oro peso M Leonardo Fabbri
46%
Bronzo 100m F Zaynab Dosso
46%
Oro martello F Sara Fantini
38%
Bronzo 800m M Catalin Tecuceanu
35%
Argento 4x400m mista F Alice Mangione
31%
Oro mezza maratona a squadre M Pietro Riva
31%
Argento mezza maratona M Pietro Riva
31%
Argento 4x400m mista M Edoardo Scotti
27%
Argento 4x400m uomini M Edoardo Scotti
27%
Argento 4x400m mista M Luca Sito
27%
Argento 4x400m uomini M Luca Sito
27%
Argento 4x400m uomini M Vladimir Aceti
27%
Argento 4x400m uomini M Riccardo Meli
19%
Argento marcia 20 km F Valentina Trapletti
19%
Argento 4x400m mista F Anna Polinari
15%
Oro mezza maratona a squadre M Daniele Meucci
12%
Bronzo marcia 20km M Francesco Fortunato
12%
Oro mezza maratona a squadre M Pasquale Selvarolo
8%
Oro mezza maratona a squadre M Yohanes Chiappinelli
8%
Oro mezza maratona a squadre M Eyob Faniel
4%
Nessun quiz corrispondente trovato
Distribuzione punteggi
Percentuale di utenti per punteggio
Percentile per numero di risposta
I tuoi punteggi nel tempo
Non hai fatto questo quiz